| 000 | 00565nam a2200181 i 4500 | ||
|---|---|---|---|
| 001 | 22059 | ||
| 003 | ES-MaACL | ||
| 005 | 20230906152612.0 | ||
| 007 | t| | ||
| 008 | 021129s1973 sp ||||1| lat d | ||
| 100 | 1 |
_aAlföldy, Géza. _9184076 |
|
| 245 | 1 | 0 |
_aFlamines Provinciae _b: Hispaniae Citerioris / _cG. Alföldy. |
| 260 |
_aMadrid : _bInstituto Español de Arqueología, _c1973. |
||
| 300 |
_aXV, 97 p.. : _b1 plan. pleg. ; _c28 cm. |
||
| 710 | 2 |
_aInstituto Español de Arqueología. _95036 |
|
| 852 |
_aES-MaACL _jC-56230 _bR.88900 |
||
| 999 |
_c22059 _d22059 |
||